[Event "Gyor Cohtec U15 op 2nd"]
[Site "Gyor"]
[Date "2017.05.19"]
[Round "1"]
[White "Andras, Ferenc"]
[Black "Nusser, Gergo"]
[Result "1/2-1/2"]
[WhiteElo "1482"]
[BlackElo "1121"]
[PlyCount "61"]
[EventDate "2017.05.19"]
[EventType "swiss"]
[EventRounds "9"]
[EventCountry "HUN"]
[SourceTitle "EXT 2018"]
[Source "ChessBase"]
[SourceDate "2017.10.13"]
[SourceVersion "1"]
[SourceVersionDate "2017.10.13"]
[SourceQuality "1"]

1. e4 e5 2. Nf3 Nc6 3. Bc4 Bc5 4. c3 Nf6 5. d4 exd4 6. 0-0 0-0 7. cxd4 Bb4 8. e5 Ne4 9. Qc2 d5 10. exd6 Nxd6 11. d5 Ne7 12. Bg5 f6 13. Bf4 Bf5 14. Qc1 Nxc4 15. Qxc4 Nxd5 16. Rd1 c6 17. Nc3 Bxc3 18. bxc3 Qe7 19. Re1 Qf7 20. Qd4 Rad8 21. Rad1 h6 22. Qc5 Bg4 23. Rd3 Nxf4 24. Rxd8 Rxd8 25. Qb4 Nd3 26. Qxg4 Nxe1 27. Nxe1 Qe7 28. Kf1 Rd1 29. Qxd1 Qe5 30. Nf3 Qb5+ 31. Kg1 1/2-1/2